Reformy trhu práce a změny v systému sociální ochrany: od welfare k workfare

Nezamestnanosť a kríza štátu blahobytu. Donucovací princíp ako nový prvok systému sociálnej ochrany. Od welfare k workfare. Zmeny v českej sociálnej praxi. Vývoj príjmovej nerovnosti a chudoby v období sociálno-ekonomických zmien. Záchranná sociálna sieť a dlhodobá nezamestnanosť.

Gespeichert in:
Bibliographische Detailangaben
1. Verfasser: Kotýnková, Magdaléna
Format: Buchkapitel
Sprache:Tschechisch
Schlagworte:
Tags: Tag hinzufügen
Keine Tags, Fügen Sie das erste Tag hinzu!

MARC

LEADER 00000naa$a2200000$$$4500
001 0109520
005 20231116104818.7
041 0 |a cze 
044 |a CZ 
245 1 0 |a Reformy trhu práce a změny v systému sociální ochrany: od welfare k workfare  |c Magdaléna Kotýnková 
520 |a Nezamestnanosť a kríza štátu blahobytu. Donucovací princíp ako nový prvok systému sociálnej ochrany. Od welfare k workfare. Zmeny v českej sociálnej praxi. Vývoj príjmovej nerovnosti a chudoby v období sociálno-ekonomických zmien. Záchranná sociálna sieť a dlhodobá nezamestnanosť. 
610 2 0 |a politika sociálna 
610 2 0 |a Česko 
610 2 0 |a reformy sociálne 
610 2 0 |a chudoba 
610 2 0 |a nezamestnanosť 
610 2 0 |a trh práce 
610 2 0 |a ochrana sociálna 
100 1 |a Kotýnková, Magdaléna